00681nam a2200193Ia 4500008004100000020001800041082000800059100001800067245007900085250000600164260002600170300001500196500002400211650002400235942000700259952009000266952011400356999001700470230524s9999 xx 000 0 und d a9788129113726 bBHA aChetan Bhagat 0a"The 3 Mistakes of my Life (A Story about Business, Cricket and Religion)" a1 aNew DelhibRupac2011 a"XI,254p;" aQuantity Number: 2 aMiscellaneous91877 cBK 00104070aTATCLbTATCLcGENd2023-05-24l0o BHAp47296r2023-05-24w2023-05-24yBK 00104070aTATCLbTATCLcGENd2023-05-24l1o BHAp47297q2017-12-19r2024-01-31s2024-01-31w2023-05-24yBK c52321d52321